<?xml version="1.0" encoding="UTF-8"?>
<marc:record xmlns:marc="http://www.loc.gov/MARC21/slim">
   <marc:leader>00000nam a2200000 a 4500</marc:leader>
   <marc:datafield ind1="1" ind2=" " tag="100">
      <marc:subfield code="a">Linke-Grün, Gabriele</marc:subfield>
      <marc:subfield code="4">ctb</marc:subfield>
      <marc:subfield code="e">Mitwirkende/-r</marc:subfield>
   </marc:datafield>
   <marc:datafield ind1="1" ind2=" " tag="100">
      <marc:subfield code="a">Wegler, Monika</marc:subfield>
      <marc:subfield code="4">ctb</marc:subfield>
      <marc:subfield code="e">Mitwirkende/-r</marc:subfield>
   </marc:datafield>
   <marc:datafield ind1=" " ind2=" " tag="653">
      <marc:subfield code="a">Zwergkaninchen</marc:subfield>
   </marc:datafield>
   <marc:datafield ind1=" " ind2=" " tag="653">
      <marc:subfield code="a">Softcover / Ratgeber/Natur/Hobbytierhaltung</marc:subfield>
   </marc:datafield>
   <marc:datafield ind1=" " ind2=" " tag="653">
      <marc:subfield code="a">Ratgeber</marc:subfield>
   </marc:datafield>
   <marc:datafield ind1="0" ind2="0" tag="245">
      <marc:subfield code="a">Typisch Zwergkaninchen</marc:subfield>
   </marc:datafield>
   <marc:datafield ind1="0" ind2="0" tag="245">
      <marc:subfield code="b">der Schlüssel zur Seele Ihres Kaninchens</marc:subfield>
   </marc:datafield>
   <marc:datafield ind1="0" ind2="0" tag="245">
      <marc:subfield code="c">Monika Wegler ; Gabriele Linke-Grün</marc:subfield>
   </marc:datafield>
   <marc:datafield ind1=" " ind2="1" tag="264">
      <marc:subfield code="a">München</marc:subfield>
      <marc:subfield code="b">Gräfe und Unzer</marc:subfield>
      <marc:subfield code="c">2010</marc:subfield>
   </marc:datafield>
   <marc:datafield ind1=" " ind2=" " tag="250">
      <marc:subfield code="a">1. Aufl.</marc:subfield>
   </marc:datafield>
   <marc:datafield ind1="1" ind2=" " tag="520">
      <marc:subfield code="a">Angaben aus der Verlagsmeldung

Typisch Zwergkaninchen : Der Schlüssel zur Seele Ihres Kaninchens / von Gabriele Linke-Grün, Monika Wegler

Was ist typisch Zwergkaninchen? Es ist klein, hübsch und still. Es bezaubert jeden Tierfreund und gilt als pflegeleicht. Doch ein Käfig und genügend Futter reichen nicht aus, um seinen Ansprüchen gerecht zu werden. Der Zwerg braucht auch die Gesellschaft von Artgenossen und viel Bewegung. Erst dann zeigt er seine arttypischen, interessanten Verhaltensweisen. Begeben Sie sich auf die Suche nach dem, was das Zwergkaninchen ausmacht, und lernen Sie die unterschiedlichen Facetten seiner Persönlichkeit kennen. Wissenswertes gepaart mit wahren Geschichten eröffnet Ihnen einen neuen Zugang zu Ihren Zwergen. Experten äußern sich zu interessanten Themen, Sie erfahren Verblüffendes aus der Kaninchenwelt, und auch das Kaninchen selbst kommt zu Wort. Dieses Buch mit den außergewöhnlichen Fotos von Europas Top-Heimtier-Fotografin Monika Wegler macht das Wesen der Zwergkaninchen anschaulich und liefert damit den Schlüssel zur Kaninchenseele und zu einer harmonischen Beziehung von Mensch und Tier.
</marc:subfield>
   </marc:datafield>
   <marc:datafield ind1=" " ind2=" " tag="020">
      <marc:subfield code="a">9783833817182</marc:subfield>
      <marc:subfield code="9">9783833817182</marc:subfield>
   </marc:datafield>
   <marc:datafield ind1=" " ind2=" " tag="041">
      <marc:subfield code="a">ger</marc:subfield>
   </marc:datafield>
   <marc:datafield ind1=" " ind2=" " tag="300">
      <marc:subfield code="a">144 S.</marc:subfield>
   </marc:datafield>
</marc:record>
